000 00544cas a22001694i 4500
999 _c50722
_d50722
001 768714001
003 CO-MdFUSB
005 20180402144601.0
008 180402s2001 cr ||||| |||| 00| 0 spa d
040 _aCO-MdFUSB
_bspa
_cCO-MdFUSB
_dCO-MdFUSB
041 _aspa
100 1 _aZelaya, Hugo M.
_eautor
245 1 0 _aLa restauración de la iglesia
300 _aVolumen 5. Número 15 (2001), páginas 230-233
_c: 28 cm.
773 0 _tConquista Cristiana
_049446
_960264
_gVolumen 5. Número 15 (2001), páginas 230-233
_qpágina 230
942 _cANA